000 00525nam a22001817a 4500
005 20251108165810.0
008 250721s1981 xx 000 0 ara d
082 1 4 _aم/353.8309565/أرد
245 1 0 _aالتقرير السنوي 1981 /
264 1 _aعمان :
_bوزارة العمل،
_c1981.
650 1 7 _aالأردن
650 1 7 _aالدوائر الحكومية
650 1 7 _aالتقارير
650 1 7 _aالعمال
710 2 _aالأردن . وزارة العمل
942 _2ddc
_cREF
999 _c31565
_d31565